00371nam a22001457a 4500003000400000008004100004020001800045082001400063100002100077245004400098250001300142260004400155300001100199650001500210OSt250711b |||||||| |||| 00| 0 eng d a9788131712979 a612.8 CAF aCARLSON, Neil R. aFoundations of Physiological Psychology a6th. ed. aNoida,bPearson Education India,c2024, a576 p. aPsychology